Société Générale des prisons : (Record no. 174980)
[ view plain ]
| 000 -LEADER | |
|---|---|
| campo de control de longitud fija | 01047nam a22002175i 4500 |
| 001 - NÚMERO DE CONTROL | |
| campo de control | 174980 |
| 003 - IDENTIFICADOR DE NÚMERO DE CONTROL | |
| campo de control | ES-MaACL |
| 005 - FECHA Y HORA DE LA ÚLTIMA TRANSACCIÓN | |
| campo de control | 20250719062546.0 |
| 008 - DATOS DE LONGITUD FIJA--INFORMACIÓN GENERAL | |
| campo de control de longitud fija | 100906s1877 fr |||| | fre d |
| 110 1# - ENTRADA PRINCIPAL--NOMBRE DE ENTIDAD CORPORATIVA | |
| Nombre de entidad corporativa o nombre de jurisdicción como elemento de entrada | Francia. |
| Unidad subordinada | Ministère de l'Intérieur. |
| 9 (RLIN) | 134396 |
| 245 10 - MENCIÓN DEL TÍTULO | |
| Título | Société Générale des prisons : |
| Resto del título | statuts et règlement. |
| 260 ## - PUBLICACIÓN, DISTRIBUCIÓN, ETC. | |
| Lugar de publicación, distribución, etc. | [Paris : |
| Nombre del editor, distribuidor, etc. | s.n., |
| Fecha de publicación, distribución, etc. | 1877?] ( |
| Fabricante | Imp. Centrale de Cheins de fer) |
| 300 ## - DESCRIPCIÓN FÍSICA | |
| Extensión | 7 p. ; |
| Dimensiones | 20 cm. |
| 610 27 - PUNTO DE ACCESO ADICIONAL DE MATERIA--NOMBRE DE ENTIDAD CORPORATIVA | |
| Nombre de entidad corporativa o nombre de jurisdicción como elemento de entrada | Société Générale des Prisons |
| 9 (RLIN) | 167516 |
| 650 14 - PUNTO DE ACCESO ADICIONAL DE MATERIA--TÉRMINO DE MATERIA | |
| Término de materia o nombre geográfico como elemento de entrada | Establecimientos penitenciarios- |
| Subdivisión geográfica | Francia. |
| 9 (RLIN) | 143319 |
| 852 ## - LOCALIZACIÓN | |
| Ubicación | ES-MaACL |
| Número de control de estantería | D-273(3) |
| Ubicación en estantería | Sala Valle Inclán |
| Partes que faltan | Ejemplar falto de portada |
| Donativo/Legado | Donación: Francisco Lastres y Juiz |
| Encuadernación | Encuadernado con otras obras formando un volumen facticio |
| itemnumber | 181715 |
| Sublocalización o colección | R.FOLL.12/3 |
| Signatura antigua | Olim: 193-C-3 |
| Marcas de propiedad | Sello en tinta en verso de hoja de guarda del volumen: "Donativo del Sr. Lastres al Ateno de Madrid, 1907". |
| 903 ## - NOMBRE PERSONAL DE DONANTE | |
| a | Lastres y Juiz, Francisco, |
| d | 1848-1918 |
| q | 1 |
| e | Donante |
| 9 | 70504 |
| 942 ## - ELEMENTOS DE ENTRADA SECUNDARIOS (KOHA) | |
| Fuente del sistema de clasificación o colocación | Clasificación decimal universal |
| Tipo de ítem Koha | Folleto |
| Estatus retirado | Estado de pérdida | Fuente del sistema de clasificación o colocación | Estado de daño | No para préstamo | Colección | Biblioteca de origen | Biblioteca actual | Ubicación en estantería | Fecha de adquisición | Fuente de adquisición | Total de préstamos | Signatura topográfica completa | Código de barras | Visto por última vez | Precio de reemplazo | Tipo de ítem Koha |
|---|---|---|---|---|---|---|---|---|---|---|---|---|---|---|---|---|
| Clasificación decimal universal | Colección de folletos | Biblioteca del Ateneo de Madrid | Biblioteca del Ateneo de Madrid | Sala Valle Inclán | 06/09/2010 | Donación | D-273(3) | 901183731 | 23/02/2023 | 23/02/2023 | Folleto |
